[Event "ESTCC 65 2019"]
[Site "Mali Losinj"]
[Date "2019.09.23"]
[Round "6.16"]
[White "Fabrin, Morten"]
[Black "Palsson, Bertil"]
[Result "1/2-1/2"]
[WhiteElo "1998"]
[BlackElo "1784"]
[Annotator "NA"]
[PlyCount "93"]
[EventDate "2019.09.18"]
[EventType "team-tourn"]
[EventCountry "CRO"]
[SourceTitle "playchess.com"]
[Source "ChessBase"]
[SourceQuality "1"]
[WhiteTeam "Denmark"]
[BlackTeam "Sweden"]
[WhiteTeamCountry "DEN"]
[BlackTeamCountry "SWE"]
[TimeControl "40/5400+30:1800+30"]

1. c4 {[%emt 0:00:30]} c5 {[%emt 0:00:30]} 2. Nc3 {[%emt 0:00:00]} Nf6 {[%emt 0:00:30]} 3. g3 {[%emt 0:00:00]} g6 {[%emt 0:00:00]} 4. Bg2 {[%emt 0:00:30]} Bg7 {[%emt 0:00:00]} 5. e3 {[%emt 0:00:30]} e5 {[%emt 0:03:30]} 6. Nge2 {[%emt 0:00:30]} O-O {[%emt 0:01:30]} 7. O-O {[%emt 0:00:30]} Nc6 {[%emt 0:01:30]} 8. Rb1 {[%emt 0:01:30]} d6 {[%emt 0:02:30]} 9. d3 {[%emt 0:00:30]} a6 {[%emt 0:07:30]} 10. a3 {[%emt 0:00:30]} Qc7 {[%emt 0:01:30]} 11. b4 {[%emt 0:01:30]} Rb8 {[%emt 0:04:30]} 12. b5 {[%emt 0:00:30]} axb5 {[%emt 0:01:30]} 13. Rxb5 {[%emt 0:02:30]} Bd7 {[%emt 0:04:30]} 14. Rb1 {[%emt 0:01:30]} Na7 {[%emt 0:00:30]} 15. a4 {[%emt 0:02:30]} Bc6 {[%emt 0:00:30]} 16. Nb5 {[%emt 0:04:30]} Nxb5 {[%emt 0:01:30]} 17. axb5 {[%emt 0:00:30]} Bxg2 {[%emt 0:00:30]} 18. Kxg2 {[%emt 0:00:30]} Ra8 {[%emt 0:02:30]} 19. Nc3 {[%emt 0:00:30]} b6 {[%emt 0:02:30]} 20. Qf3 {[%emt 0:01:30]} Ra7 {[%emt 0:00:30]} 21. Bb2 {[%emt 0:00:30]} Rfa8 {[%emt 0:01:30]} 22. Nd5 {[%emt 0:03:30]} Qb7 {[%emt 0:00:30]} 23. Nxf6+ {[%emt 0:07:30]} Bxf6 {[%emt 0:00:30]} 24. e4 {[%emt 0:00:30]} Bg7 {[%emt 0:00:30]} 25. Qg4 {[%emt 0:01:30]} Qd7 {[%emt 0:01:30]} 26. Qg5 {[%emt 0:01:30]} Qe7 {[%emt 0:00:30]} 27. Qe3 {[%emt 0:00:30]} Ra2 {[%emt 0:02:30]} 28. Ra1 {[%emt 0:04:30]} Rxa1 {[%emt 0:05:30]} 29. Rxa1 {[%emt 0:00:30]} Rxa1 {[%emt 0:00:30]} 30. Bxa1 {[%emt 0:00:30]} h5 {[%emt 0:04:30]} 31. Qd2 {[%emt 0:01:30]} Qa7 {[%emt 0:01:30]} 32. Qb2 {[%emt 0:01:30]} Qa4 {[%emt 0:01:30]} 33. h4 {[%emt 0:01:30]} Bh6 {[%emt 0:02:30]} 34. Qb1 {[%emt 0:01:30]} Qa5 {[%emt 0:01:30]} 35. Qd1 {[%emt 0:01:30]} Qd2 {[%emt 0:00:30]} 36. Qxd2 {[%emt 0:01:30]} Bxd2 {[%emt 0:00:30]} 37. f3 {[%emt 0:00:30]} f6 {[%emt 0:05:30]} 38. Kf2 {[%emt 0:00:30]} Kf7 {[%emt 0:02:30]} 39. Ke2 {[%emt 0:00:30]} Bb4 {[%emt 0:00:30]} 40. Bb2 {[%emt 0:00:30]} g5 {[%emt 0:02:30]} 41. Bc1 {[%emt 0:31:30]} gxh4 {[%emt 0:34:30]} 42. gxh4 {[%emt 0:00:00]} Kg6 {[%emt 0:00:00]} 43. Bd2 {[%emt 0:03:00]} Bxd2 {[%emt 0:00:00]} 44. Kxd2 {[%emt 0:00:30]} Kh6 {[%emt 0:00:30]} 45. Ke3 {[%emt 0:00:30]} Kg6 {[%emt 0:00:30]} 46. f4 {[%emt 0:00:30]} Kh6 {[%emt 0:00:30]} 47. f5 {[%emt 0:00:30]} 1/2-1/2

[Event "ESTCC 65 2019"]
[Site "Mali Losinj"]
[Date "2019.09.23"]
[Round "6.17"]
[White "Kolbak, Jens"]
[Black "Rooze, Jan"]
[Result "0-1"]
[WhiteElo "2173"]
[BlackElo "2281"]
[Annotator "NA"]
[PlyCount "68"]
[EventDate "2019.09.18"]
[EventType "team-tourn"]
[EventCountry "CRO"]
[SourceTitle "playchess.com"]
[Source "ChessBase"]
[SourceQuality "1"]
[WhiteTeam "Denmark"]
[BlackTeam "Belgium"]
[WhiteTeamCountry "DEN"]
[BlackTeamCountry "BEL"]
[TimeControl "40/5400+30:1800+30"]

1. d4 {[%emt 0:00:30]} Nf6 {[%emt 0:00:30]} 2. c4 {[%emt 0:00:00]} e6 {[%emt 0:00:00]} 3. Nf3 {[%emt 0:00:00]} c5 {[%emt 0:00:00]} 4. e3 {[%emt 0:02:30]} a6 {[%emt 0:00:30]} 5. Nc3 {[%emt 0:01:30]} d5 {[%emt 0:00:30]} 6. Be2 {[%emt 0:01:30]} dxc4 {[%emt 0:08:30]} 7. Bxc4 {[%emt 0:00:30]} Nbd7 {[%emt 0:02:30]} 8. dxc5 {[%emt 0:10:30]} Bxc5 {[%emt 0:00:30]} 9. a4 {[%emt 0:06:30]} Qc7 {[%emt 0:03:30]} 10. Qe2 {[%emt 0:01:30]} b6 {[%emt 0:02:30]} 11. O-O {[%emt 0:00:30]} Bb7 {[%emt 0:00:30]} 12. Bd2 {[%emt 0:12:30]} O-O {[%emt 0:03:30]} 13. Bb3 {[%emt 0:04:30]} Rad8 {[%emt 0:05:30]} 14. e4 {[%emt 0:04:30]} h6 {[%emt 0:09:30]} 15. Rad1 {[%emt 0:07:30]} Nh5 {[%emt 0:08:30]} 16. Ne1 {[%emt 0:04:30]} Nf4 {[%emt 0:02:30]} 17. Bxf4 {[%emt 0:00:30]} Qxf4 {[%emt 0:00:00]} 18. Nd3 {[%emt 0:00:30]} Qg5 {[%emt 0:05:00]} 19. Nxc5 {[%emt 0:00:00]} Nxc5 {[%emt 0:00:30]} 20. Bc2 {[%emt 0:00:00]} a5 {[%emt 0:00:30]} 21. f4 {[%emt 0:05:30]} Qe7 {[%emt 0:00:30]} 22. e5 {[%emt 0:02:30]} Ba6 {[%emt 0:08:30]} 23. Nb5 {[%emt 0:00:30]} Rxd1 {[%emt 0:00:30]} 24. Rxd1 {[%emt 0:00:30]} Rd8 {[%emt 0:00:30]} 25. Qc4 {[%emt 0:09:30]} Rxd1+ {[%emt 0:02:30]} 26. Bxd1 {[%emt 0:00:00]} Qd7 {[%emt 0:00:30]} 27. Be2 {[%emt 0:07:52]} Qd2 {[%emt 0:02:30]} 28. Bf1 {[%emt 0:05:12]} Bxb5 {[%emt 0:07:30]} 29. Qxb5 {[%emt 0:01:03]} Qe3+ {[%emt 0:00:30]} 30. Kh1 {[%emt 0:00:07]} Qxf4 {[%emt 0:00:30]} 31. h3 {[%emt 0:00:50]} g6 {[%emt 0:00:30]} 32. Kg1 {[%emt 0:01:07]} Qd4+ {[%emt 0:04:30]} 33. Kh1 {[%emt 0:00:07]} Nd7 {[%emt 0:02:30]} 34. b3 {[%emt 0:01:11]} Nxe5 {[%emt 0:00:30]} 0-1

[Event "ESTCC 65 2019"]
[Site "Mali Losinj"]
[Date "2019.09.23"]
[Round "6.18"]
[White "Van Herck, Marcel"]
[Black "Olesen, Poul Erik Norgaard"]
[Result "1-0"]
[WhiteElo "2088"]
[BlackElo "1996"]
[Annotator "NA"]
[PlyCount "53"]
[EventDate "2019.09.18"]
[EventType "team-tourn"]
[EventCountry "CRO"]
[SourceTitle "playchess.com"]
[Source "ChessBase"]
[SourceQuality "1"]
[WhiteTeam "Belgium"]
[BlackTeam "Denmark"]
[WhiteTeamCountry "BEL"]
[BlackTeamCountry "DEN"]
[TimeControl "40/5400+30:1800+30"]

1. d4 {[%emt 0:07:30]} g6 {[%emt 0:00:30]} 2. c4 {[%emt 0:00:30]} Bg7 {[%emt 0:00:30]} 3. Nc3 {[%emt 0:00:00]} Nf6 {[%emt 0:00:30]} 4. e4 {[%emt 0:00:00]} d6 {[%emt 0:00:30]} 5. Be2 {[%emt 0:03:30]} O-O {[%emt 0:00:30]} 6. Bg5 {[%emt 0:00:30]} h6 {[%emt 0:02:30]} 7. Be3 {[%emt 0:00:30]} e5 {[%emt 0:02:30]} 8. d5 {[%emt 0:01:30]} a5 {[%emt 0:06:30]} 9. Qd2 {[%emt 0:02:30]} Kh7 {[%emt 0:00:30]} 10. f3 {[%emt 0:02:30]} Na6 {[%emt 0:05:30]} 11. g4 {[%emt 0:17:30]} Nc5 {[%emt 0:09:30]} 12. h4 {[%emt 0:04:30]} Ng8 {[%emt 0:03:30]} 13. h5 {[%emt 0:00:30]} g5 {[%emt 0:06:30]} 14. Bd1 {[%emt 0:02:30]} Bd7 {[%emt 0:00:30]} 15. Nge2 {[%emt 0:04:30]} Bf6 {[%emt 0:03:30]} 16. Ng3 {[%emt 0:01:30]} Ne7 {[%emt 0:07:30]} 17. Bc2 {[%emt 0:01:30]} Nc8 {[%emt 0:06:30]} 18. b3 {[%emt 0:03:30]} Nb6 {[%emt 0:01:30]} 19. Qe2 {[%emt 0:00:30]} Be7 {[%emt 0:07:30]} 20. O-O {[%emt 0:00:30]} Qc8 {[%emt 0:01:30]} 21. a3 {[%emt 0:03:30]} Na6 {[%emt 0:03:30]} 22. Nf5 {[%emt 0:12:30]} Re8 {[%emt 0:05:30]} 23. Rfb1 {[%emt 0:01:30]} c5 {[%emt 0:01:30]} 24. dxc6 {[%emt 0:05:30]} Qxc6 {[%emt 0:00:30]} 25. Nxe7 {[%emt 0:01:30]} Rxe7 {[%emt 0:00:00]} 26. Nd5 {[%emt 0:00:30]} Nxd5 {[%emt 0:01:00]} 27. exd5+ {[%emt 0:00:30]} 1-0

[Event "ESTCC 65 2019"]
[Site "Mali Losinj"]
[Date "2019.09.23"]
[Round "6.19"]
[White "Jorgensen, Arne Bjorn"]
[Black "Van de Wynkele, Herman"]
[Result "1/2-1/2"]
[WhiteElo "1996"]
[BlackElo "2085"]
[Annotator "NA"]
[PlyCount "93"]
[EventDate "2019.09.18"]
[EventType "team-tourn"]
[EventCountry "CRO"]
[SourceTitle "playchess.com"]
[Source "ChessBase"]
[SourceQuality "1"]
[WhiteTeam "Denmark"]
[BlackTeam "Belgium"]
[WhiteTeamCountry "DEN"]
[BlackTeamCountry "BEL"]
[TimeControl "40/5400+30:1800+30"]

1. d4 {[%emt 0:00:30]} Nf6 {[%emt 0:00:30]} 2. c4 {[%emt 0:00:00]} c5 {[%emt 0:00:00]} 3. d5 {[%emt 0:00:00]} b5 {[%emt 0:00:00]} 4. Qc2 {[%emt 0:00:30]} Na6 {[%emt 0:00:30]} 5. a3 {[%emt 0:00:30]} Nc7 {[%emt 0:08:30]} 6. e4 {[%emt 0:00:30]} bxc4 {[%emt 0:00:00]} 7. Bxc4 {[%emt 0:00:30]} e6 {[%emt 0:00:00]} 8. Nc3 {[%emt 0:03:30]} Bb7 {[%emt 0:01:30]} 9. Qd3 {[%emt 0:08:30]} exd5 {[%emt 0:03:30]} 10. exd5 {[%emt 0:03:30]} Bd6 {[%emt 0:00:30]} 11. Nf3 {[%emt 0:01:30]} Qe7+ {[%emt 0:06:30]} 12. Be3 {[%emt 0:02:30]} O-O {[%emt 0:00:30]} 13. O-O {[%emt 0:02:30]} Ng4 {[%emt 0:13:30]} 14. Rfe1 {[%emt 0:08:30]} f5 {[%emt 0:02:30]} 15. Bf4 {[%emt 0:10:30]} Qf6 {[%emt 0:00:30]} 16. Bxd6 {[%emt 0:01:30]} Qxd6 {[%emt 0:00:30]} 17. Re2 {[%emt 0:05:30]} g6 {[%emt 0:08:30]} 18. Rd1 {[%emt 0:07:30]} Rae8 {[%emt 0:04:30]} 19. Rde1 {[%emt 0:02:30]} Rxe2 {[%emt 0:01:30]} 20. Rxe2 {[%emt 0:00:30]} Kg7 {[%emt 0:00:00]} 21. Re1 {[%emt 0:12:30]} Re8 {[%emt 0:02:00]} 22. Rxe8 {[%emt 0:06:30]} Nxe8 {[%emt 0:00:30]} 23. Nb5 {[%emt 0:01:36]} Qf6 {[%emt 0:01:30]} 24. h3 {[%emt 0:02:34]} Ne5 {[%emt 0:06:30]} 25. Nxe5 {[%emt 0:03:16]} Qxe5 {[%emt 0:00:00]} 26. Nxa7 {[%emt 0:03:25]} Nd6 {[%emt 0:03:00]} 27. Nb5 {[%emt 0:02:03]} Nxc4 {[%emt 0:10:30]} 28. Qxc4 {[%emt 0:00:08]} Qxd5 {[%emt 0:01:30]} 29. Qxd5 {[%emt 0:01:13]} Bxd5 {[%emt 0:00:00]} 30. f4 {[%emt 0:00:38]} Kf6 {[%emt 0:01:00]} 31. Kf2 {[%emt 0:00:37]} Ke7 {[%emt 0:01:30]} 32. g3 {[%emt 0:00:19]} Bc6 {[%emt 0:01:30]} 33. Nc3 {[%emt 0:01:41]} d5 {[%emt 0:00:00]} 34. Ne2 {[%emt 0:01:27]} Kd6 {[%emt 0:00:00]} 35. Ng1 {[%emt 0:00:23]} d4 {[%emt 0:00:30]} 36. Nf3 {[%emt 0:00:34]} Bxf3 {[%emt 0:15:17]} 37. Kxf3 {[%emt 0:00:19]} c4 {[%emt 0:05:05]} 38. Ke2 {[%emt 0:00:31]} Kd5 {[%emt 0:00:30]} 39. Kd2 {[%emt 0:00:49]} Ke4 {[%emt 0:00:18]} 40. h4 {[%emt 0:01:50]} Kf3 {[%emt 0:00:00]} 41. Kd1 {[%emt 0:09:07]} Ke4 {[%emt 0:04:50]} 42. Kd2 {[%emt 0:00:30]} Kd5 {[%emt 0:00:30]} 43. Kc2 {[%emt 0:01:30]} Ke4 {[%emt 0:02:30]} 44. Kd2 {[%emt 0:00:30]} d3 {[%emt 0:00:30]} 45. a4 {[%emt 0:04:30]} Kd4 {[%emt 0:01:30]} 46. a5 {[%emt 0:00:30]} Kc5 {[%emt 0:00:30]} 47. b4+ {[%emt 0:01:30]} 1/2-1/2

[Event "ESTCC 65 2019"]
[Site "Mali Losinj"]
[Date "2019.09.23"]
[Round "6.20"]
[White "Schrickx, Frank"]
[Black "Andersson, Finn"]
[Result "1-0"]
[WhiteElo "1813"]
[BlackElo "1771"]
[Annotator "NA"]
[PlyCount "85"]
[EventDate "2019.09.18"]
[EventType "team-tourn"]
[EventCountry "CRO"]
[SourceTitle "playchess.com"]
[Source "ChessBase"]
[SourceQuality "1"]
[WhiteTeam "Belgium"]
[BlackTeam "Denmark"]
[WhiteTeamCountry "BEL"]
[BlackTeamCountry "DEN"]
[TimeControl "40/5400+30:1800+30"]

1. e4 {[%emt 0:00:30]} c5 {[%emt 0:00:30]} 2. c3 {[%emt 0:00:00]} Nf6 {[%emt 0:00:00]} 3. e5 {[%emt 0:00:00]} Nd5 {[%emt 0:00:00]} 4. d4 {[%emt 0:00:30]} cxd4 {[%emt 0:01:30]} 5. cxd4 {[%emt 0:00:00]} Nc6 {[%emt 0:00:00]} 6. Nf3 {[%emt 0:02:00]} d6 {[%emt 0:00:00]} 7. Bc4 {[%emt 0:02:30]} Nb6 {[%emt 0:01:30]} 8. Bb5 {[%emt 0:01:30]} dxe5 {[%emt 0:00:30]} 9. Nxe5 {[%emt 0:00:30]} Bd7 {[%emt 0:00:00]} 10. Nxd7 {[%emt 0:03:30]} Qxd7 {[%emt 0:00:00]} 11. O-O {[%emt 0:02:30]} a6 {[%emt 0:02:30]} 12. Bxc6 {[%emt 0:00:30]} Qxc6 {[%emt 0:00:30]} 13. Nc3 {[%emt 0:01:30]} e6 {[%emt 0:01:30]} 14. Be3 {[%emt 0:01:30]} Rd8 {[%emt 0:03:30]} 15. Qb3 {[%emt 0:02:30]} Be7 {[%emt 0:09:30]} 16. Rac1 {[%emt 0:01:30]} O-O {[%emt 0:05:30]} 17. Ne2 {[%emt 0:02:30]} Qd6 {[%emt 0:01:30]} 18. Bf4 {[%emt 0:01:30]} Qb4 {[%emt 0:13:30]} 19. Qxb4 {[%emt 0:03:30]} Bxb4 {[%emt 0:00:00]} 20. Bc7 {[%emt 0:00:30]} Nd5 {[%emt 0:02:00]} 21. Bxd8 {[%emt 0:00:30]} Rxd8 {[%emt 0:00:30]} 22. Rfd1 {[%emt 0:03:30]} Ba5 {[%emt 0:01:30]} 23. g3 {[%emt 0:01:30]} Bb6 {[%emt 0:01:30]} 24. Nc3 {[%emt 0:02:30]} Ne7 {[%emt 0:00:00]} 25. Ne2 {[%emt 0:00:30]} Kf8 {[%emt 0:04:00]} 26. Kg2 {[%emt 0:02:30]} Ke8 {[%emt 0:03:30]} 27. a3 {[%emt 0:09:30]} Rd7 {[%emt 0:04:30]} 28. Kf1 {[%emt 0:00:30]} Kd8 {[%emt 0:00:30]} 29. Ke1 {[%emt 0:00:30]} f6 {[%emt 0:05:30]} 30. Nf4 {[%emt 0:03:30]} Rd6 {[%emt 0:00:00]} 31. Nh5 {[%emt 0:03:30]} Nf5 {[%emt 0:01:00]} 32. g4 {[%emt 0:03:30]} Nxd4 {[%emt 0:02:30]} 33. Nxg7 {[%emt 0:01:30]} Rd5 {[%emt 0:03:30]} 34. Kf1 {[%emt 0:04:30]} Ke7 {[%emt 0:10:30]} 35. h3 {[%emt 0:00:30]} Rb5 {[%emt 0:06:18]} 36. b4 {[%emt 0:04:30]} a5 {[%emt 0:02:52]} 37. Rc4 {[%emt 0:01:30]} Nc6 {[%emt 0:01:02]} 38. Re1 {[%emt 0:00:30]} Ne5 {[%emt 0:05:11]} 39. Rce4 {[%emt 0:03:30]} axb4 {[%emt 0:04:30]} 40. axb4 {[%emt 0:00:30]} Rd5 {[%emt 0:03:16]} 41. f4 {[%emt 0:36:30]} Ng6 {[%emt 0:31:24]} 42. Rxe6+ {[%emt 0:01:30]} Kf8 {[%emt 0:00:15]} 43. Rxb6 {[%emt 0:00:30]} 1-0

[Event "ESTCC 65 2019"]
[Site "Mali Losinj"]
[Date "2019.09.23"]
[Round "6.21"]
[White "Grahn, Lars"]
[Black "Singer, Hans"]
[Result "1/2-1/2"]
[WhiteElo "2024"]
[BlackElo "2184"]
[Annotator "NA"]
[PlyCount "61"]
[EventDate "2019.09.18"]
[EventType "team-tourn"]
[EventCountry "CRO"]
[SourceTitle "playchess.com"]
[Source "ChessBase"]
[SourceQuality "1"]
[WhiteTeam "Sweden"]
[BlackTeam "Austria"]
[WhiteTeamCountry "SWE"]
[BlackTeamCountry "AUT"]
[TimeControl "40/5400+30:1800+30"]

1. d4 {[%emt 0:00:30]} Nf6 {[%emt 0:00:30]} 2. c4 {[%emt 0:00:00]} g6 {[%emt 0:00:00]} 3. Nc3 {[%emt 0:00:00]} Bg7 {[%emt 0:00:00]} 4. e4 {[%emt 0:00:30]} d6 {[%emt 0:00:30]} 5. Nge2 {[%emt 0:00:30]} O-O {[%emt 0:00:30]} 6. Ng3 {[%emt 0:00:00]} c5 {[%emt 0:10:30]} 7. d5 {[%emt 0:00:00]} e6 {[%emt 0:03:30]} 8. Be2 {[%emt 0:01:30]} exd5 {[%emt 0:02:30]} 9. exd5 {[%emt 0:00:00]} Na6 {[%emt 0:02:30]} 10. O-O {[%emt 0:01:00]} Nc7 {[%emt 0:01:30]} 11. a4 {[%emt 0:02:30]} Nfe8 {[%emt 0:05:30]} 12. Be3 {[%emt 0:10:30]} f5 {[%emt 0:00:30]} 13. Qd2 {[%emt 0:01:30]} a6 {[%emt 0:10:30]} 14. Bg5 {[%emt 0:12:30]} Bf6 {[%emt 0:02:30]} 15. Bxf6 {[%emt 0:04:30]} Qxf6 {[%emt 0:00:30]} 16. Bd3 {[%emt 0:03:30]} b6 {[%emt 0:02:30]} 17. Rab1 {[%emt 0:04:30]} a5 {[%emt 0:00:30]} 18. Rfe1 {[%emt 0:01:30]} Bd7 {[%emt 0:00:30]} 19. b3 {[%emt 0:02:30]} Ng7 {[%emt 0:01:30]} 20. Bc2 {[%emt 0:03:30]} Rae8 {[%emt 0:02:30]} 21. Rxe8 {[%emt 0:03:30]} Rxe8 {[%emt 0:00:30]} 22. Re1 {[%emt 0:00:30]} Re5 {[%emt 0:03:30]} 23. Re2 {[%emt 0:07:30]} Nce8 {[%emt 0:03:30]} 24. f4 {[%emt 0:01:30]} Rxe2 {[%emt 0:01:30]} 25. Ngxe2 {[%emt 0:00:30]} Qe7 {[%emt 0:03:30]} 26. Ng3 {[%emt 0:04:30]} Kf7 {[%emt 0:03:30]} 27. Qe2 {[%emt 0:02:30]} Qf6 {[%emt 0:00:30]} 28. Qe3 {[%emt 0:02:30]} Qh4 {[%emt 0:01:30]} 29. Qf2 {[%emt 0:02:30]} Qe7 {[%emt 0:02:30]} 30. Qe2 {[%emt 0:00:30]} Qh4 {[%emt 0:02:30]} 31. Qf2 {[%emt 0:00:30]} 1/2-1/2

[Event "ESTCC 65 2019"]
[Site "Mali Losinj"]
[Date "2019.09.23"]
[Round "6.22"]
[White "Woeber, Friedrich"]
[Black "Wademark, Helge"]
[Result "1/2-1/2"]
[WhiteElo "2126"]
[BlackElo "1994"]
[Annotator "NA"]
[PlyCount "60"]
[EventDate "2019.09.18"]
[EventType "team-tourn"]
[EventCountry "CRO"]
[SourceTitle "playchess.com"]
[Source "ChessBase"]
[SourceQuality "1"]
[WhiteTeam "Austria"]
[BlackTeam "Sweden"]
[WhiteTeamCountry "AUT"]
[BlackTeamCountry "SWE"]
[TimeControl "40/5400+30:1800+30"]

1. e4 {[%emt 0:00:30]} e6 {[%emt 0:00:30]} 2. d4 {[%emt 0:00:00]} d5 {[%emt 0:00:00]} 3. Nd2 {[%emt 0:00:00]} a6 {[%emt 0:00:00]} 4. Ngf3 {[%emt 0:01:30]} c5 {[%emt 0:01:30]} 5. exd5 {[%emt 0:04:30]} Qxd5 {[%emt 0:00:30]} 6. c4 {[%emt 0:05:30]} Qc6 {[%emt 0:03:30]} 7. Be2 {[%emt 0:11:30]} Nf6 {[%emt 0:08:30]} 8. O-O {[%emt 0:05:30]} Nbd7 {[%emt 0:02:30]} 9. Re1 {[%emt 0:13:30]} Be7 {[%emt 0:04:30]} 10. Bd3 {[%emt 0:05:30]} cxd4 {[%emt 0:01:30]} 11. Nxd4 {[%emt 0:00:30]} Qc7 {[%emt 0:00:30]} 12. N2f3 {[%emt 0:05:30]} O-O {[%emt 0:01:30]} 13. Qe2 {[%emt 0:04:30]} Bb4 {[%emt 0:10:30]} 14. Rd1 {[%emt 0:04:30]} Re8 {[%emt 0:02:30]} 15. Nc2 {[%emt 0:10:30]} Bf8 {[%emt 0:00:30]} 16. Bg5 {[%emt 0:03:30]} b6 {[%emt 0:03:30]} 17. b4 {[%emt 0:01:37]} Bb7 {[%emt 0:01:30]} 18. Bh4 {[%emt 0:01:03]} e5 {[%emt 0:06:30]} 19. Bg3 {[%emt 0:02:16]} Qc6 {[%emt 0:01:30]} 20. Bf5 {[%emt 0:01:47]} Rad8 {[%emt 0:08:30]} 21. a3 {[%emt 0:04:38]} g6 {[%emt 0:02:30]} 22. Bxd7 {[%emt 0:00:46]} Nxd7 {[%emt 0:01:30]} 23. Ne3 {[%emt 0:00:26]} Bg7 {[%emt 0:03:30]} 24. Ra2 {[%emt 0:02:04]} f6 {[%emt 0:04:30]} 25. Rad2 {[%emt 0:00:14]} Qc7 {[%emt 0:02:30]} 26. Nd5 {[%emt 0:01:14]} Bxd5 {[%emt 0:00:30]} 27. Rxd5 {[%emt 0:00:18]} Nf8 {[%emt 0:00:30]} 28. Rxd8 {[%emt 0:01:40]} Rxd8 {[%emt 0:00:30]} 29. Rxd8 {[%emt 0:00:06]} Qxd8 {[%emt 0:00:30]} 30. Qd2 {[%emt 0:00:07]} Qxd2 {[%emt 0:00:30]} 1/2-1/2

[Event "ESTCC 65 2019"]
[Site "Mali Losinj"]
[Date "2019.09.23"]
[Round "6.23"]
[White "Bernhardsson, Sten"]
[Black "Titz, Heimo"]
[Result "1/2-1/2"]
[WhiteElo "1956"]
[BlackElo "1971"]
[Annotator "NA"]
[PlyCount "82"]
[EventDate "2019.09.18"]
[EventType "team-tourn"]
[EventCountry "CRO"]
[SourceTitle "playchess.com"]
[Source "ChessBase"]
[SourceQuality "1"]
[WhiteTeam "Sweden"]
[BlackTeam "Austria"]
[WhiteTeamCountry "SWE"]
[BlackTeamCountry "AUT"]
[TimeControl "40/5400+30:1800+30"]

1. d4 {[%emt 0:00:30]} Nf6 {[%emt 0:00:30]} 2. Nf3 {[%emt 0:00:30]} e6 {[%emt 0:00:30]} 3. g3 {[%emt 0:00:00]} c5 {[%emt 0:00:30]} 4. c3 {[%emt 0:01:00]} b6 {[%emt 0:06:30]} 5. Bg2 {[%emt 0:00:30]} Bb7 {[%emt 0:00:30]} 6. O-O {[%emt 0:00:30]} d6 {[%emt 0:00:00]} 7. Re1 {[%emt 0:05:30]} Be7 {[%emt 0:02:00]} 8. Nbd2 {[%emt 0:02:30]} cxd4 {[%emt 0:02:30]} 9. cxd4 {[%emt 0:00:30]} O-O {[%emt 0:03:30]} 10. b3 {[%emt 0:08:30]} Nbd7 {[%emt 0:02:30]} 11. Ba3 {[%emt 0:03:30]} d5 {[%emt 0:20:30]} 12. Bxe7 {[%emt 0:00:30]} Qxe7 {[%emt 0:00:30]} 13. Qc1 {[%emt 0:14:30]} Rac8 {[%emt 0:03:30]} 14. Qb2 {[%emt 0:00:00]} Rc7 {[%emt 0:07:30]} 15. Rac1 {[%emt 0:00:00]} Rfc8 {[%emt 0:00:00]} 16. Rxc7 {[%emt 0:00:30]} Rxc7 {[%emt 0:00:00]} 17. Rc1 {[%emt 0:00:30]} Rxc1+ {[%emt 0:04:30]} 18. Qxc1 {[%emt 0:00:30]} Qd6 {[%emt 0:00:00]} 19. e3 {[%emt 0:01:30]} Kf8 {[%emt 0:01:00]} 20. Bf1 {[%emt 0:00:30]} Ne4 {[%emt 0:06:30]} 21. Bd3 {[%emt 0:08:30]} Nxd2 {[%emt 0:00:30]} 22. Nxd2 {[%emt 0:00:30]} h6 {[%emt 0:06:30]} 23. Bb5 {[%emt 0:05:30]} Ke7 {[%emt 0:11:30]} 24. Nf3 {[%emt 0:05:30]} f6 {[%emt 0:00:30]} 25. Qc2 {[%emt 0:01:30]} Nf8 {[%emt 0:01:25]} 26. Nh4 {[%emt 0:05:30]} Kf7 {[%emt 0:00:47]} 27. Bd3 {[%emt 0:02:30]} Qc6 {[%emt 0:02:15]} 28. Qxc6 {[%emt 0:02:30]} Bxc6 {[%emt 0:00:04]} 29. f4 {[%emt 0:00:30]} g5 {[%emt 0:01:39]} 30. Nf3 {[%emt 0:01:30]} Ke7 {[%emt 0:00:28]} 31. Kf2 {[%emt 0:00:30]} Be8 {[%emt 0:00:33]} 32. h4 {[%emt 0:04:30]} g4 {[%emt 0:00:59]} 33. Nd2 {[%emt 0:02:30]} Bg6 {[%emt 0:01:38]} 34. Be2 {[%emt 0:01:30]} h5 {[%emt 0:00:23]} 35. b4 {[%emt 0:03:08]} Kd6 {[%emt 0:00:57]} 36. Bb5 {[%emt 0:00:41]} Ke7 {[%emt 0:00:43]} 37. Ke2 {[%emt 0:00:24]} Be8 {[%emt 0:00:40]} 38. Bd3 {[%emt 0:00:39]} Bg6 {[%emt 0:01:17]} 39. Bb5 {[%emt 0:01:29]} Be8 {[%emt 0:02:11]} 40. Bd3 {[%emt 0:00:21]} Bg6 {[%emt 0:01:38]} 41. Bb5 {[%emt 0:30:16]} Be8 {[%emt 0:31:03]} 1/2-1/2